Indigenous entrepreneurs of North East: factors affecting the survival and sustainability of small scale entrepreneurs - with special focus on Assam and Manipur (Record no. 54584)

000 -LEADER
fixed length control field 00580pab a2200169 454500
008 - FIXED-LENGTH DATA ELEMENTS--GENERAL INFORMATION
fixed length control field 180718b2002 xxu||||| |||| 00| 0 eng d
100 ## - MAIN ENTRY--PERSONAL NAME
Personal name Baruah, Sriparna B.
245 ## - TITLE STATEMENT
Title Indigenous entrepreneurs of North East: factors affecting the survival and sustainability of small scale entrepreneurs - with special focus on Assam and Manipur
260 ## - PUBLICATION, DISTRIBUTION, ETC.
Date of publication, distribution, etc. 2002
300 ## - PHYSICAL DESCRIPTION
Extent p.101-10.
362 ## - DATES OF PUBLICATION AND/OR SEQUENTIAL DESIGNATION
Dates of publication and/or sequential designation Sep
650 ## - SUBJECT ADDED ENTRY--TOPICAL TERM
Topical term or geographic name entry element Manipur - Industries, Small scale
650 ## - SUBJECT ADDED ENTRY--TOPICAL TERM
Topical term or geographic name entry element Assam - Industries, Small scale
650 ## - SUBJECT ADDED ENTRY--TOPICAL TERM
Topical term or geographic name entry element Small scale industry
773 ## - HOST ITEM ENTRY
Main entry heading Man and Development
909 ## -
-- 54584
Holdings
Withdrawn status Lost status Damaged status Not for loan Permanent Location Current Location Date acquired Serial Enumeration / chronology Barcode Date last seen Price effective from Koha item type
        Indian Institute of Public Administration Indian Institute of Public Administration 2018-07-19 Volume no: 24, Issue no: 3 AR55029 2018-07-19 2018-07-19 Articles

Powered by Koha